000 00512nam a22001697a 4500
005 20251108170924.0
008 250721s1986 xx 000 0 ara d
082 1 4 _a219/محم
100 1 _aبن الشريف، محمود
245 1 0 _aالرسول في القرآن /
264 1 _aالقاهره :
_bالهيئة المصرية العامة للكتاب،
_c1986.
300 _a96ص
490 0 _aقضايا إسلامية
650 1 7 _aالسيرة النبوية
942 _2ddc
_cBK
999 _c52203
_d52203